The observation on the common disease of avian broiler under semi-industrial raising system in kongpisey district, kampong speu province, (ការអង្កេតពីជំងឺសំខាន់ដែលជួបប្រទះចំពោះមាន់សាច់ពូជ AVIAN ចិញ្ចឹមជាលក្ខណះពាក់កណ្ដាលឧស្សាហកម្ម នៅស្រុកគងពិសី ខេត្តកំពង់ស្ពឺ) (Record no. 2711)

000 -LEADER
fixed length control field 00842nam a22001577a 4500
003 - CONTROL NUMBER IDENTIFIER
control field OSt
005 - DATE AND TIME OF LATEST TRANSACTION
control field 20151026095318.0
008 - FIXED-LENGTH DATA ELEMENTS--GENERAL INFORMATION
fixed length control field 151026b xxu||||| |||| 00| 0 eng d
040 ## - CATALOGING SOURCE
Transcribing agency RAU
082 ## - DEWEY DECIMAL CLASSIFICATION NUMBER
Classification number AVM KRI 2013 B105 Or.1
100 ## - MAIN ENTRY--PERSONAL NAME
9 (RLIN) 2893
Personal name KRIM KIMRNG
245 ## - TITLE STATEMENT
Title The observation on the common disease of avian broiler under semi-industrial raising system in kongpisey district, kampong speu province, (ការអង្កេតពីជំងឺសំខាន់ដែលជួបប្រទះចំពោះមាន់សាច់ពូជ AVIAN ចិញ្ចឹមជាលក្ខណះពាក់កណ្ដាលឧស្សាហកម្ម នៅស្រុកគងពិសី ខេត្តកំពង់ស្ពឺ)
260 ## - PUBLICATION, DISTRIBUTION, ETC. (IMPRINT)
Place of publication, distribution, etc. Phnom Penh
Name of publisher, distributor, etc. Rua
Date of publication, distribution, etc. 2013
300 ## - PHYSICAL DESCRIPTION
Extent x; 41p.
Other physical details ill.
Dimensions 29cm.
942 ## - ADDED ENTRY ELEMENTS (KOHA)
Source of classification or shelving scheme
Koha item type AVM
Holdings
Price effective from Date last seen Permanent Location Not for loan Date acquired Source of classification or shelving scheme Koha item type Lost status Withdrawn status Total Renewals Date last checked out Total Checkouts Shelving location Damaged status Barcode Current Location Full call number
2015-10-262015-10-26Library Block B 2015-10-26 AVM     B105 RUA011315Library Block BAVM KRI 2013 B105 Or.1
2015-10-262015-10-26Library Block B 2015-10-26 AVM     B105 RUA018491Library Block BAVM KRI 2013 B105 Or.2
2015-10-262017-09-11Library Block B 2015-10-26 AVM   2017-08-251B105 RUA018347Library Block BAVM KRI 2013 B105 Or.3
2015-10-262015-10-26Library Block B 2015-10-26 AVM     B105 RUA018099Library Block BAVM KRI 2013 B105 Or.4
2015-10-262018-05-21Library Block B 2015-10-26 AVM   2018-05-122B105 RUA018171Library Block BAVM KRI 2013 B105 Or.5
2015-10-262015-10-26Library Block B 2015-10-26 AVM     B105 RUA018275Library Block BAVM KRI 2013 B105 Or.6
2015-10-262016-08-24Library Block B 2015-10-26 AVM  22016-06-141B105 RUA018131Library Block BAVM KRI 2013 B105 Or.7
មជ្ឈមណ្ឌលឯការនៃសាកលវិទ្យាល័យភូមិន្ទកសិកម្មចំការដូង

Powered by Koha